[Event "Hofheim Spring op-B 5th"]
[Site "Hofheim"]
[Date "2017.04.08"]
[Round "3"]
[White "Traut, Stefan"]
[Black "Kirschner, Philipp"]
[Result "0-1"]
[WhiteElo "1728"]
[BlackElo "1817"]
[PlyCount "106"]
[EventDate "2017.04.07"]
[EventType "swiss"]
[EventRounds "9"]
[EventCountry "GER"]
[SourceTitle "CBM 178 Extra"]
[Source "ChessBase"]
[SourceDate "2017.06.22"]
[SourceVersion "1"]
[SourceVersionDate "2017.06.22"]
[SourceQuality "1"]

1. d4 Nf6 2. Nf3 e6 3. g3 d5 4. Bg2 Be7 5. 0-0 0-0 6. c4 dxc4 7. Qc2 a6 8. Qxc4 b5 9. Qc2 Bb7 10. Bd2 Nc6 11. e3 Nb4 12. Bxb4 Bxb4 13. a3 Bd6 14. Nbd2 Qe7 15. Rac1 Rac8 16. Nb3 Be4 17. Qd2 Bd5 18. Nc5 Bxc5 19. dxc5 Bc4 20. Rfe1 Ne4 21. Qb4 Qxc5 22. Qxc5 Nxc5 23. Ne5 Nd3 24. Nxd3 Bxd3 25. Rc6 g6 26. b3 a5 27. Rec1 Rfd8 28. Rxc7 Rxc7 29. Rxc7 Bf5 30. Rc1 Rd3 31. e4 Bg4 32. Rb1 b4 33. axb4 axb4 34. Bf1 Rd4 35. Re1 Bf3 36. e5 Bd5 37. Rb1 g5 38. h3 Re4 39. Bg2 Rxe5 40. Bxd5 Rxd5 41. Kf1 Kg7 42. Ke2 Rc5 43. Rb2 Kf6 44. Kd3 Ke5 45. Re2+ Kd5 46. Rb2 h5 47. f3 f5 48. Ke3 Rc3+ 49. Ke2 g4 50. hxg4 hxg4 51. fxg4 Rxg3 52. Kf2 Rxg4 53. Kf3 Rd4 0-1

[Event "Hessen-ch op-B"]
[Site "Floersheim"]
[Date "2016.05.07"]
[Round "5"]
[White "Kirschner, Philipp"]
[Black "Henninger, Sascha"]
[Result "1/2-1/2"]
[WhiteElo "1737"]
[BlackElo "1828"]
[PlyCount "67"]
[EventDate "2016.05.05"]
[EventType "swiss"]
[EventRounds "7"]
[EventCountry "GER"]
[SourceTitle "EXT 2022"]
[Source "ChessBase"]
[SourceDate "2021.10.06"]
[SourceVersion "1"]
[SourceVersionDate "2021.10.06"]
[SourceQuality "1"]

1. d4 Nf6 2. c4 e6 3. Nc3 Bb4 4. Nf3 0-0 5. Qc2 b6 6. e3 Bb7 7. Bd3 d5 8. cxd5 exd5 9. 0-0 Nbd7 10. a3 Be7 11. Re1 c5 12. b3 Re8 13. Bb2 cxd4 14. Nxd4 Rc8 15. Qe2 Bc5 16. Na4 Ne5 17. Bb5 Nc6 18. Nxc6 Bxc6 19. Bxc6 Rxc6 20. Rac1 Rc8 21. Qd3 Qe7 22. b4 Bd6 23. Bxf6 Qxf6 24. Qxd5 Rxc1 25. Rxc1 Rd8 26. Qe4 Be5 27. Qf3 Qd6 28. g3 Qd3 29. Qb7 h6 30. Rc8 Rxc8 31. Qxc8+ Kh7 32. Qc6 Bf6 33. Qc1 Qb3 34. Qc8 1/2-1/2

[Event "Hofheim Spring op-B 4th"]
[Site "Hofheim"]
[Date "2016.04.02"]
[Round "8"]
[White "Kirschner, Philipp"]
[Black "Heymann, Walter"]
[Result "1/2-1/2"]
[WhiteElo "1737"]
[BlackElo "1792"]
[PlyCount "99"]
[EventDate "2016.03.30"]
[EventType "swiss"]
[EventRounds "9"]
[EventCountry "GER"]
[SourceTitle "EXT 2018"]
[Source "ChessBase"]
[SourceDate "2017.10.13"]
[SourceVersion "1"]
[SourceVersionDate "2017.10.13"]
[SourceQuality "1"]

1. d4 d6 2. Nf3 Nd7 3. c4 Ngf6 4. Nc3 c6 5. g3 Qc7 6. Bg2 e5 7. 0-0 Be7 8. b3 0-0 9. Ba3 Qa5 10. Qc1 Re8 11. d5 cxd5 12. Nxd5 Nxd5 13. cxd5 b5 14. Bb2 b4 15. Nxe5 Nxe5 16. Bxe5 Ba6 17. Qd2 h6 18. Bb2 Bg5 19. Qc2 Rxe2 20. Qb1 Qb6 21. h4 Be7 22. a3 Re8 23. axb4 Rd2 24. Bc3 Bxf1 25. Bxd2 Bxg2 26. Kxg2 Qd4 27. Be3 Qxd5+ 28. Kg1 Qb7 29. Qf5 a6 30. Rc1 Bf8 31. Qa5 Qf3 32. Re1 Qb7 33. Rc1 Rb8 34. Rc4 Qb5 35. Qa4 Qb7 36. Bf4 Ra8 37. Qc6 Qxc6 38. Rxc6 Rb8 39. Bxd6 Bxd6 40. Rxd6 Rxb4 41. Rxa6 Rxb3 42. Kg2 h5 43. Ra5 g6 44. Rc5 Kg7 45. Rc6 Kf8 46. Rc7 Rb4 47. Kf3 Rb6 48. Kf4 Kg7 49. f3 Kf6 50. Rc4 1/2-1/2

[Event "Hofheim Spring op-B 4th"]
[Site "Hofheim"]
[Date "2016.03.30"]
[Round "2"]
[White "Kirschner, Philipp"]
[Black "Paeslack, Luis"]
[Result "1-0"]
[WhiteElo "1737"]
[BlackElo "1748"]
[PlyCount "89"]
[EventDate "2016.03.30"]
[EventType "swiss"]
[EventRounds "9"]
[EventCountry "GER"]
[SourceTitle "EXT 2018"]
[Source "ChessBase"]
[SourceDate "2017.10.13"]
[SourceVersion "1"]
[SourceVersionDate "2017.10.13"]
[SourceQuality "1"]

1. d4 Nf6 2. c4 c5 3. d5 g6 4. Nc3 d6 5. Nf3 Bg7 6. e4 0-0 7. Bd3 Bg4 8. 0-0 Nbd7 9. h3 Bxf3 10. Qxf3 Ne5 11. Qe2 e6 12. Bg5 Qb6 13. f4 Nxd3 14. Qxd3 a6 15. Rab1 Nh5 16. g4 Bd4+ 17. Kg2 Ng7 18. h4 h5 19. Bh6 Qd8 20. Bxg7 Bxg7 21. gxh5 gxh5 22. Qf3 Qxh4 23. Rh1 Qg4+ 24. Qxg4 hxg4 25. dxe6 fxe6 26. Kg3 Rf7 27. Rh4 Bxc3 28. bxc3 Rb8 29. Rb2 Rd7 30. Kxg4 Kg7 31. Rh5 Rg8 32. Rg5+ Kf7 33. Rxg8 Kxg8 34. Kg5 Kf7 35. f5 exf5 36. exf5 Kg7 37. Rf2 Kf7 38. Rh2 Kg7 39. f6+ Kf8 40. Kg6 Kg8 41. Kf5 b5 42. Ke6 Rf7 43. Rh8+ Kxh8 44. Kxf7 bxc4 45. Ke8 1-0

[Event "Hofheim Spring op-B 4th"]
[Site "Hofheim"]
[Date "2016.03.30"]
[Round "3"]
[White "Ungurean, Florin Ioan"]
[Black "Kirschner, Philipp"]
[Result "0-1"]
[WhiteElo "1993"]
[BlackElo "1737"]
[PlyCount "66"]
[EventDate "2016.03.30"]
[EventType "swiss"]
[EventRounds "9"]
[EventCountry "GER"]
[SourceTitle "EXT 2018"]
[Source "ChessBase"]
[SourceDate "2017.10.13"]
[SourceVersion "1"]
[SourceVersionDate "2017.10.13"]
[SourceQuality "1"]

1. Nf3 c5 2. c4 Nc6 3. g3 e6 4. Nc3 g6 5. Bg2 Bg7 6. 0-0 Nge7 7. e3 0-0 8. d4 cxd4 9. exd4 d5 10. cxd5 exd5 11. h3 Be6 12. Bg5 h6 13. Bf4 a6 14. Qd2 Kh7 15. Rac1 Nf5 16. Be5 Nd6 17. Bxg7 Kxg7 18. Ne5 Nxe5 19. dxe5 Nc4 20. Qe2 d4 21. Nd1 d3 22. Qf3 Nd2 23. Qxb7 Nxf1 24. Qxa8 Qxa8 25. Bxa8 Nxg3 26. fxg3 Rxa8 27. Nf2 d2 28. Rd1 Rd8 29. Ne4 Rd4 30. Nc3 Bf5 31. Rf1 Bxh3 32. Ra1 Bg4 33. a4 d1Q+ 0-1

[Event "Hofheim Spring op-B 4th"]
[Site "Hofheim"]
[Date "2016.03.30"]
[Round "1"]
[White "Vega Lopez de Nava, Cesar Octavio"]
[Black "Kirschner, Philipp"]
[Result "1/2-1/2"]
[WhiteElo "1973"]
[BlackElo "1737"]
[PlyCount "32"]
[EventDate "2016.03.30"]
[EventType "swiss"]
[EventRounds "9"]
[EventCountry "GER"]
[SourceTitle "EXT 2018"]
[Source "ChessBase"]
[SourceDate "2017.10.13"]
[SourceVersion "1"]
[SourceVersionDate "2017.10.13"]
[SourceQuality "1"]

1. e4 Nf6 2. e5 Nd5 3. d4 d6 4. c4 Nb6 5. exd6 cxd6 6. h3 Bf5 7. Nf3 Nc6 8. Be2 e6 9. Nc3 Be7 10. 0-0 0-0 11. Bf4 d5 12. c5 Nd7 13. a3 Nf6 14. b4 Ne4 15. Nxe4 dxe4 16. Ne5 Nxe5 1/2-1/2

[Event "Wiesbaden op 27th"]
[Site "Wiesbaden"]
[Date "2015.08.30"]
[Round "6"]
[White "Kirschner, Philipp"]
[Black "Klebs, Sebastian"]
[Result "1-0"]
[WhiteElo "1646"]
[BlackElo "1890"]
[PlyCount "43"]
[EventDate "2015.08.27"]
[EventType "swiss"]
[EventRounds "7"]
[EventCountry "GER"]
[SourceTitle "EXT 2016"]
[Source "ChessBase"]
[SourceDate "2015.10.08"]
[SourceVersion "1"]
[SourceVersionDate "2015.10.08"]
[SourceQuality "1"]

1. d4 d5 2. Nf3 e6 3. c4 c6 4. Nc3 dxc4 5. a4 Bb4 6. e4 b5 7. axb5 cxb5 8. Bg5 Qd7 9. d5 f6 10. Bf4 Ne7 11. dxe6 Qxe6 12. Bxb8 Rxb8 13. Rxa7 Bb7 14. Be2 0-0 15. 0-0 Bxc3 16. bxc3 Rfd8 17. Rxb7 Rxd1 18. Rxb8+ Kf7 19. Rxd1 Qxe4 20. Nd4 Nf5 21. Bf3 Qe5 22. Rxb5 1-0

[Event "Wiesbaden op 27th"]
[Site "Wiesbaden"]
[Date "2015.08.28"]
[Round "3"]
[White "Kirschner, Philipp"]
[Black "Kreiling, Carsten"]
[Result "0-1"]
[WhiteElo "1646"]
[BlackElo "2072"]
[PlyCount "116"]
[EventDate "2015.08.27"]
[EventType "swiss"]
[EventRounds "7"]
[EventCountry "GER"]
[SourceTitle "EXT 2016"]
[Source "ChessBase"]
[SourceDate "2015.10.08"]
[SourceVersion "1"]
[SourceVersionDate "2015.10.08"]
[SourceQuality "1"]

1. d4 c5 2. d5 g6 3. Nc3 Bg7 4. e4 d6 5. Nf3 Bg4 6. Bb5+ Nd7 7. h3 Bxf3 8. Qxf3 a6 9. Bxd7+ Qxd7 10. a4 Nf6 11. 0-0 0-0 12. a5 Qc7 13. Rd1 Nd7 14. Be3 Rfb8 15. Bg5 b5 16. Qe2 Kf8 17. Re1 b4 18. Nd1 Rb5 19. f4 Rxa5 20. Rxa5 Qxa5 21. Ne3 Qb5 22. Qf3 Bxb2 23. e5 Bd4 24. Kh1 Re8 25. Nf5 dxe5 26. d6 e6 27. Be7+ Kg8 28. Nh6+ Kg7 29. Nxf7 Kxf7 30. fxe5+ Kg8 31. Qg4 Qc4 32. Qf4 Qd5 33. Rf1 Nxe5 34. Qh6 Qa8 35. Rf4 Ng4 36. Rxg4 Bg7 37. Qe3 Qd5 38. Rg5 e5 39. Qe2 c4 40. Qg4 Qf7 41. d7 Qxe7 42. Qxc4+ Kf8 43. dxe8Q+ Kxe8 44. Rg4 a5 45. Qg8+ Bf8 46. Qd5 Qc5 47. Qe6+ Qe7 48. Qc6+ Qd7 49. Rc4 Qxc6 50. Rxc6 a4 51. Re6+ Kd7 52. Rxe5 a3 53. Kg1 Kc6 54. Ra5 Bc5+ 55. Kf1 Bb6 56. Ra8 Kb5 57. Ke2 Ba5 58. Rf8 a2 0-1

[Event "Vellmar op 7th"]
[Site "Vellmar"]
[Date "2015.08.06"]
[Round "1"]
[White "Krosenbrink, Marcel"]
[Black "Kirschner, Philipp"]
[Result "1-0"]
[WhiteElo "1982"]
[BlackElo "1646"]
[PlyCount "45"]
[EventDate "2015.08.06"]
[EventType "swiss"]
[EventRounds "7"]
[EventCountry "GER"]
[SourceTitle "CBM 167 Extra"]
[Source "ChessBase"]
[SourceDate "2015.09.14"]
[SourceVersion "1"]
[SourceVersionDate "2015.09.14"]
[SourceQuality "1"]

1. e4 Nf6 2. Nc3 d5 3. exd5 Nxd5 4. Nf3 Bf5 5. Bc4 e6 6. d3 Bb4 7. Bd2 c6 8. h3 0-0 9. a3 Ba5 10. Qe2 Nd7 11. g4 Bg6 12. h4 Nxc3 13. bxc3 e5 14. h5 e4 15. hxg6 exf3 16. gxf7+ Kh8 17. Qxf3 Qf6 18. Qxf6 Nxf6 19. g5 Nd5 20. g6 h6 21. Bxd5 cxd5 22. Rh5 Rac8 23. Rxd5 1-0

[Event "Hofheim Spring op-B 3rd"]
[Site "Hofheim"]
[Date "2015.04.09"]
[Round "4"]
[White "Hegener, Thorsten"]
[Black "Kirschner, Philipp"]
[Result "1/2-1/2"]
[WhiteElo "1732"]
[BlackElo "1566"]
[PlyCount "84"]
[EventDate "2015.04.07"]
[EventType "swiss"]
[EventRounds "9"]
[EventCountry "GER"]
[SourceTitle "CBM 166 Extra"]
[Source "ChessBase"]
[SourceDate "2015.06.18"]
[SourceVersion "1"]
[SourceVersionDate "2015.06.18"]
[SourceQuality "1"]

1. d4 Nf6 2. g3 g6 3. Bg2 Bg7 4. Nf3 d6 5. c4 0-0 6. 0-0 Nbd7 7. Nc3 c5 8. Bg5 Qc7 9. Rc1 a6 10. d5 Rb8 11. Qc2 b5 12. cxb5 axb5 13. e4 Ba6 14. Rfe1 b4 15. Nd1 h6 16. Bf4 Ng4 17. Ne3 Nge5 18. Bxe5 Nxe5 19. Nxe5 Bxe5 20. Ng4 Bg7 21. Qd2 Kh7 22. h4 h5 23. Ne3 Qd7 24. Nc4 Bxc4 25. Rxc4 Ra8 26. Ra1 Qb5 27. Bf1 Qa5 28. Rcc1 Ra7 29. Bc4 Rfa8 30. Rd1 Qc7 31. Rac1 Bh6 32. f4 Qd7 33. Qg2 Bg7 34. Rc2 Bd4+ 35. Kh2 Rd8 36. Qh3 Qxh3+ 37. Kxh3 Kg7 38. Kg2 Kh6 39. Kf3 Rda8 40. Re1 f6 41. Rh1 Rg8 42. Rch2 Rf8 1/2-1/2

[Event "Hofheim Spring op-B 3rd"]
[Site "Hofheim"]
[Date "2015.04.08"]
[Round "3"]
[White "Kirschner, Philipp"]
[Black "Jess, Geralf"]
[Result "1/2-1/2"]
[WhiteElo "1566"]
[BlackElo "1724"]
[PlyCount "67"]
[EventDate "2015.04.07"]
[EventType "swiss"]
[EventRounds "9"]
[EventCountry "GER"]
[SourceTitle "CBM 166 Extra"]
[Source "ChessBase"]
[SourceDate "2015.06.18"]
[SourceVersion "1"]
[SourceVersionDate "2015.06.18"]
[SourceQuality "1"]

1. d4 d5 2. c4 Nf6 3. Nc3 e6 4. Nf3 dxc4 5. e3 Nc6 6. Bxc4 Be7 7. 0-0 0-0 8. Qc2 a6 9. Rd1 b5 10. Bd3 Nb4 11. Qe2 Nxd3 12. Qxd3 Bb7 13. Nd2 c5 14. Nde4 Nxe4 15. Nxe4 c4 16. Qc2 Qd5 17. f3 Rad8 18. Nc3 Qd7 19. e4 f5 20. Be3 f4 21. Bf2 Qe8 22. a4 b4 23. Ne2 Rc8 24. Qd2 g5 25. d5 exd5 26. exd5 Rd8 27. Qc2 Bxd5 28. Bb6 Rd7 29. Rd2 Bf7 30. Rxd7 Qxd7 31. Rd1 Qc6 32. Bf2 b3 33. Qc3 Qxa4 34. Qe5 1/2-1/2

[Event "Hessen-ch U16"]
[Site "Bad Homburg"]
[Date "2015.04.03"]
[Round "7"]
[White "Kirschner, Philipp"]
[Black "Reichelt, Florian"]
[Result "1-0"]
[WhiteElo "1566"]
[BlackElo "1646"]
[PlyCount "129"]
[EventDate "2015.03.30"]
[EventType "swiss"]
[EventRounds "7"]
[EventCountry "GER"]
[SourceTitle "EXT 2017"]
[Source "ChessBase"]
[SourceDate "2016.10.25"]
[SourceVersion "1"]
[SourceVersionDate "2016.10.25"]
[SourceQuality "1"]

1. d4 d5 2. c4 e6 3. Nc3 Nf6 4. Nf3 c6 5. Bg5 Nbd7 6. e3 Qa5 7. Bxf6 Nxf6 8. a3 Ne4 9. Qb3 Nxc3 10. Qxc3 Qxc3+ 11. bxc3 Bd6 12. Bd3 0-0 13. 0-0 b6 14. cxd5 cxd5 15. Rfc1 Bb7 16. a4 Rfc8 17. a5 bxa5 18. Rxa5 Bb4 19. Rb5 Ba6 20. Bxh7+ Kxh7 21. Rxb4 Rc7 22. Ra4 Be2 23. Ng5+ Kg6 24. Nh3 Bb5 25. Ra3 a6 26. Nf4+ Kf5 27. f3 a5 28. Kf2 a4 29. Rb1 Bc4 30. Rb4 Bb3 31. Rbxb3 axb3 32. Rxa8 Rxc3 33. Ra1 g6 34. Rb1 Rc2+ 35. Ne2 b2 36. Ke1 e5 37. Kd1 Rc8 38. Rxb2 Rh8 39. h3 exd4 40. Nxd4+ Ke5 41. Ke2 g5 42. Rb7 f5 43. Re7+ Kf6 44. Re6+ Kg7 45. Nxf5+ Kf7 46. Re5 Rd8 47. Nd4 Kf6 48. Rxg5 Rd6 49. Rf5+ Kg7 50. g4 Kg6 51. h4 Kg7 52. Rg5+ Kh7 53. Rg7+ Kh8 54. Nf5 Rd8 55. Kd3 Rf8 56. Rd7 Ra8 57. Rxd5 Ra3+ 58. Ke4 Ra4+ 59. Ke5 Ra7 60. g5 Ra3 61. g6 Ra8 62. h5 Rb8 63. Rd7 Rb5+ 64. Kf6 Rb6+ 65. Nd6 1-0

[Event "Hessen-ch U16"]
[Site "Bad Homburg"]
[Date "2015.04.02"]
[Round "5"]
[White "Kuethe, Calvin"]
[Black "Kirschner, Philipp"]
[Result "1/2-1/2"]
[WhiteElo "1360"]
[BlackElo "1566"]
[PlyCount "23"]
[EventDate "2015.03.30"]
[EventType "swiss"]
[EventRounds "7"]
[EventCountry "GER"]
[SourceTitle "EXT 2017"]
[Source "ChessBase"]
[SourceDate "2016.10.25"]
[SourceVersion "1"]
[SourceVersionDate "2016.10.25"]
[SourceQuality "1"]

1. e4 e6 2. d4 d5 3. exd5 exd5 4. Bd3 Bd6 5. Nc3 c6 6. Nf3 Ne7 7. h3 Bf5 8. Bxf5 Nxf5 9. 0-0 0-0 10. Qd3 Ne7 11. Ne2 Nd7 12. Bf4 1/2-1/2

[Event "Hessen-ch U16"]
[Site "Bad Homburg"]
[Date "2015.04.01"]
[Round "4"]
[White "Kirschner, Philipp"]
[Black "Hollmann, Leon"]
[Result "1/2-1/2"]
[WhiteElo "1566"]
[BlackElo "1677"]
[PlyCount "55"]
[EventDate "2015.03.30"]
[EventType "swiss"]
[EventRounds "7"]
[EventCountry "GER"]
[SourceTitle "EXT 2017"]
[Source "ChessBase"]
[SourceDate "2016.10.25"]
[SourceVersion "1"]
[SourceVersionDate "2016.10.25"]
[SourceQuality "1"]

1. d4 d5 2. c4 e6 3. Nc3 Nf6 4. Nf3 c6 5. Bg5 Nbd7 6. e3 Qa5 7. Bxf6 Nxf6 8. a3 Ne4 9. Qb3 Nxc3 10. Qxc3 Qxc3+ 11. bxc3 Bd6 12. Bd3 Bd7 13. 0-0 h6 14. cxd5 cxd5 15. c4 dxc4 16. Bxc4 Rc8 17. Rfc1 Ke7 18. a4 Rc7 19. Bb5 Rhc8 20. Rxc7 Rxc7 21. g3 Rc3 22. Rb1 b6 23. Nd2 Bxb5 24. axb5 Ra3 25. Nc4 Ra4 26. Nxd6 Kxd6 27. Rc1 Rb4 28. Ra1 1/2-1/2

[Event "Hessen-ch U16"]
[Site "Bad Homburg"]
[Date "2015.03.30"]
[Round "3"]
[White "Hennemann, Florian"]
[Black "Kirschner, Philipp"]
[Result "1/2-1/2"]
[WhiteElo "1505"]
[BlackElo "1566"]
[PlyCount "32"]
[EventDate "2015.03.30"]
[EventType "swiss"]
[EventRounds "7"]
[EventCountry "GER"]
[SourceTitle "EXT 2017"]
[Source "ChessBase"]
[SourceDate "2016.10.25"]
[SourceVersion "1"]
[SourceVersionDate "2016.10.25"]
[SourceQuality "1"]

1. e4 e6 2. d4 d5 3. Nd2 Nf6 4. e5 Nfd7 5. f4 c5 6. c3 Nc6 7. Ngf3 Be7 8. Bb5 Qb6 9. Bxc6 bxc6 10. 0-0 Ba6 11. Rf2 0-0 12. a3 cxd4 13. cxd4 c5 14. Nb3 Rab8 15. Nbd2 cxd4 16. b4 Bc4 1/2-1/2

[Event "Hessen-ch U16"]
[Site "Bad Homburg"]
[Date "2015.03.30"]
[Round "2"]
[White "Kirschner, Philipp"]
[Black "Krastev, Alexander"]
[Result "0-1"]
[WhiteElo "1566"]
[BlackElo "1814"]
[PlyCount "32"]
[EventDate "2015.03.30"]
[EventType "swiss"]
[EventRounds "7"]
[EventCountry "GER"]
[SourceTitle "EXT 2017"]
[Source "ChessBase"]
[SourceDate "2016.10.25"]
[SourceVersion "1"]
[SourceVersionDate "2016.10.25"]
[SourceQuality "1"]

1. d4 Nf6 2. Bg5 e6 3. Bxf6 Qxf6 4. e4 c5 5. c3 Nc6 6. e5 Qd8 7. Nf3 Qb6 8. Qd2 d5 9. Bd3 Bd7 10. Be2 Rc8 11. a3 Na5 12. Bd1 Nc4 13. Qf4 Nxb2 14. 0-0 Bb5 15. Bc2 Bxf1 16. Kxf1 cxd4 0-1

[Event "Hessen-ch op-B"]
[Site "Frankfurt Sossenheim"]
[Date "2015.??.??"]
[Round "4"]
[White "Kirschner, Philipp"]
[Black "Praetz, Friedrich"]
[Result "1/2-1/2"]
[WhiteElo "1640"]
[BlackElo "1013"]
[PlyCount "129"]
[EventDate "2015.05.13"]
[EventType "swiss"]
[EventRounds "7"]
[EventCountry "GER"]
[SourceTitle "EXT 2016"]
[Source "ChessBase"]
[SourceDate "2015.10.08"]
[SourceVersion "1"]
[SourceVersionDate "2015.10.08"]
[SourceQuality "1"]

1. d4 Nf6 2. c4 e6 3. Nc3 Bb4 4. e3 b6 5. Bd2 Bb7 6. Nf3 0-0 7. Bd3 d6 8. 0-0 Nbd7 9. a3 Bxc3 10. Bxc3 Ne4 11. Nd2 f5 12. Qc2 Ndf6 13. f3 Nxc3 14. bxc3 d5 15. cxd5 Nxd5 16. Rfe1 Qg5 17. Nf1 Rf6 18. c4 Ne7 19. e4 Raf8 20. Re2 Rh6 21. Rc1 Nc6 22. Qc3 Nxd4 23. Qxd4 Qxc1 24. exf5 exf5 25. Re7 Qg5 26. Qe3 f4 27. Qe5 Qxe5 28. Rxe5 Rd6 29. Bc2 c5 30. Re7 Ba6 31. Rxa7 Bxc4 32. Ra4 Bxf1 33. Kxf1 Rfd8 34. Rxf4 b5 35. a4 Rd2 36. Bf5 bxa4 37. Rxa4 Kf7 38. Ra7+ Kf6 39. Bxh7 g6 40. Ra6+ R8d6 41. Rxd6+ Rxd6 42. Bg8 Rd4 43. Ke2 Ke5 44. g3 g5 45. Bh7 c4 46. Ke3 c3 47. f4+ gxf4+ 48. gxf4+ Rxf4 49. Kd3 Rh4 50. Bg6 Rh6 51. Be8 Rh3+ 52. Kc2 Kd4 53. Ba4 Rxh2+ 54. Kc1 Rh1+ 55. Kc2 Ra1 56. Bb3 Ra3 57. Be6 Ra4 58. Bf7 Rb4 59. Bg6 Rb2+ 60. Kc1 Ke3 61. Bc2 Rxc2+ 62. Kxc2 Kd4 63. Kc1 Kd3 64. Kd1 c2+ 65. Kc1 1/2-1/2

[Event "Hessen-ch op-B"]
[Site "Frankfurt Sossenheim"]
[Date "2015.??.??"]
[Round "5"]
[White "Mauersberger, Uwe"]
[Black "Kirschner, Philipp"]
[Result "1-0"]
[WhiteElo "1486"]
[BlackElo "1640"]
[PlyCount "59"]
[EventDate "2015.05.13"]
[EventType "swiss"]
[EventRounds "7"]
[EventCountry "GER"]
[SourceTitle "EXT 2016"]
[Source "ChessBase"]
[SourceDate "2015.10.08"]
[SourceVersion "1"]
[SourceVersionDate "2015.10.08"]
[SourceQuality "1"]

1. e4 Nf6 2. e5 Nd5 3. d4 Nc6 4. c4 Nb6 5. Nf3 d6 6. exd6 cxd6 7. h3 g6 8. Nc3 Bg7 9. Be3 0-0 10. Be2 a6 11. 0-0 Qc7 12. Ne4 e5 13. b3 f5 14. c5 dxc5 15. dxc5 Rd8 16. cxb6 Rxd1 17. bxc7 Rxa1 18. Rxa1 fxe4 19. Bc4+ Kh8 20. Nd2 Nb4 21. Nxe4 Nc2 22. Rd1 Nd4 23. Ng5 h6 24. Nf7+ Kh7 25. f4 Nf5 26. Bb6 exf4 27. Rd8 Bf6 28. Re8 Bd4+ 29. Bxd4 Nxd4 30. Nd6 1-0

[Event "Eschborn op 11th"]
[Site "Eschborn"]
[Date "2014.09.07"]
[Round "4"]
[White "Kirschner, Philipp"]
[Black "Grzeschniok, Anton"]
[Result "0-1"]
[WhiteElo "1372"]
[BlackElo "1682"]
[PlyCount "62"]
[EventDate "2014.09.05"]
[EventType "swiss"]
[EventRounds "5"]
[EventCountry "GER"]
[SourceTitle "EXT 2015"]
[Source "ChessBase"]
[SourceDate "2014.11.20"]
[SourceVersion "1"]
[SourceVersionDate "2014.11.20"]
[SourceQuality "1"]

1. d4 d5 2. c4 e6 3. Nc3 Nf6 4. Nf3 Be7 5. Bg5 0-0 6. e3 h6 7. Bh4 b6 8. cxd5 Nxd5 9. Nxd5 Bxh4 10. Nxh4 Qxd5 11. Nf3 c5 12. Be2 Nc6 13. dxc5 Qxc5 14. 0-0 Bb7 15. Rc1 Qe7 16. Bb5 Rfc8 17. Bxc6 Rxc6 18. Qe2 Rac8 19. Rxc6 Rxc6 20. Nd4 Rc8 21. Rd1 Qg5 22. g3 Qd5 23. f3 Qxa2 24. Qb5 Qd5 25. Qa4 e5 26. e4 Qc5 27. Qxa7 Ba8 28. Qd7 exd4 29. Rxd4 Bb7 30. Kg2 Ba6 31. Ra4 Bb5 0-1

[Event "Eschborn op 11th"]
[Site "Eschborn"]
[Date "2014.09.06"]
[Round "2"]
[White "Kirschner, Philipp"]
[Black "Hoerner, Rolf"]
[Result "1/2-1/2"]
[WhiteElo "1372"]
[BlackElo "1685"]
[PlyCount "65"]
[EventDate "2014.09.05"]
[EventType "swiss"]
[EventRounds "5"]
[EventCountry "GER"]
[SourceTitle "EXT 2015"]
[Source "ChessBase"]
[SourceDate "2014.11.20"]
[SourceVersion "1"]
[SourceVersionDate "2014.11.20"]
[SourceQuality "1"]

1. d4 d5 2. c4 c6 3. Nc3 Nf6 4. Nf3 e6 5. Bg5 Be7 6. e3 Nbd7 7. cxd5 exd5 8. Bd3 0-0 9. 0-0 Re8 10. Qc2 Nf8 11. Ne2 Ne4 12. Bxe7 Qxe7 13. Nd2 Bg4 14. h3 Nxd2 15. Qxd2 Bd7 16. Ng3 Qg5 17. Qe2 g6 18. Rfe1 h5 19. Kh2 h4 20. Nh1 Ne6 21. Qf3 Re7 22. Re2 Rae8 23. Rae1 Kg7 24. Qg4 Qf6 25. Qf3 Qg5 26. Qg4 Qh6 27. Qf3 Ng5 28. Qf4 Re6 29. Qc7 Bc8 30. f3 Qh5 31. Qf4 Rf6 32. Qc7 Rfe6 33. a4 1/2-1/2

[Event "Karl Mala Memorial op-B 17th"]
[Site "Frankfurt"]
[Date "2014.07.31"]
[Round "1"]
[White "Kirschner, Philipp"]
[Black "Glaeser, Hartmut"]
[Result "1-0"]
[WhiteElo "1391"]
[BlackElo "1771"]
[PlyCount "83"]
[EventDate "2014.07.31"]
[EventType "swiss"]
[EventRounds "7"]
[EventCountry "GER"]
[SourceTitle "EXT 2015"]
[Source "ChessBase"]
[SourceDate "2014.11.20"]
[SourceVersion "1"]
[SourceVersionDate "2014.11.20"]
[SourceQuality "1"]

1. d4 f5 2. c4 Nf6 3. Nc3 e6 4. Nf3 c5 5. d5 d6 6. Bg5 e5 7. e4 Be7 8. Qc2 f4 9. Bd3 Nxd5 10. Nxd5 Bxg5 11. Nxg5 Qxg5 12. Nc7+ Kd7 13. Nxa8 Qxg2 14. 0-0-0 g6 15. Bf1 Qg5 16. Qd2 Qe7 17. Bh3+ Kd8 18. Bxc8 Kxc8 19. Qxd6 Qxd6 20. Rxd6 Nc6 21. Rhd1 Kb8 22. R1d5 Kxa8 23. Rxc5 a6 24. Rcd5 Rc8 25. b3 Ka7 26. Rd7 Rh8 27. c5 g5 28. R5d6 Kb8 29. Rg7 Rc8 30. Rdd7 Nd8 31. Kd2 h6 32. b4 g4 33. a4 h5 34. Ke2 f3+ 35. Ke3 Nc6 36. Rxb7+ Ka8 37. b5 axb5 38. axb5 h4 39. bxc6 Rxc6 40. Rbc7 Rxc7 41. Rxc7 g3 42. fxg3 1-0

[Event "Hessen-ch U17 Open"]
[Site "Bad Homburg"]
[Date "2013.03.28"]
[Round "5"]
[White "Kuethe, Calvin"]
[Black "Kirschner, Philipp"]
[Result "1/2-1/2"]
[WhiteElo "1278"]
[BlackElo "868"]
[PlyCount "72"]
[EventDate "2013.03.??"]
[EventType "swiss"]
[EventRounds "7"]
[EventCountry "GER"]
[SourceTitle "EXT 2014"]
[Source "ChessBase"]
[SourceDate "2013.11.20"]
[SourceVersion "1"]
[SourceVersionDate "2013.11.20"]
[SourceQuality "1"]

1. e4 e5 2. Nf3 Nc6 3. Bc4 Nf6 4. d3 Bc5 5. Nc3 h6 6. Be3 Bxe3 7. fxe3 0-0 8. d4 d6 9. Qd2 Bg4 10. h3 Bh5 11. Nd5 Nxe4 12. Qd3 Bg6 13. Qb3 Na5 14. Qb4 c6 15. Nc3 Nxc4 16. Qxc4 d5 17. Qb3 exd4 18. exd4 Qa5 19. 0-0 Nxc3 20. bxc3 Qb6 21. Ne5 Qxb3 22. cxb3 Rfe8 23. Rf4 Re7 24. Raf1 Rae8 25. Nxg6 fxg6 26. R4f3 Re2 27. R1f2 Rxf2 28. Kxf2 Rf8 29. c4 Rxf3+ 30. Kxf3 Kf7 31. h4 Ke6 32. c5 h5 33. Kf4 Kf6 34. a4 a5 35. g3 g5+ 36. hxg5+ Kg6 1/2-1/2